| 000 | 00522nam a22001817a 4500 | ||
|---|---|---|---|
| 003 | CEME | ||
| 005 | 20210628201711.0 | ||
| 008 | 210215b xxu||||| |||| 00| 0 eng d | ||
| 020 | _a981-4035-03-3 | ||
| 040 | _c. | ||
| 082 | _a005.72 MCG | ||
| 100 |
_aMcgrath, Sean _956413 |
||
| 245 | _aXml by example buliding e-commerce applications | ||
| 260 |
_aINDIA _bPRENTICE HALL _c2000 |
||
| 300 | _aXVIII,470P | ||
| 650 |
_aXML-DOCUMENT MARKUP LANGUAGE ELECTRONIC COMMERCE E-COMMERCE APPLICATIONS _956414 |
||
| 942 |
_cBK _2ddc |
||
| 999 |
_c566839 _d566839 |
||